Kargil and Pakistan politics (Record no. 394920)

000 -LEADER
fixed length control field 00408cam a22001457a 4500
008 - FIXED-LENGTH DATA ELEMENTS--GENERAL INFORMATION
fixed length control field 180718b2000 xxu||||| |||| 00| 0 eng d
020 ## - INTERNATIONAL STANDARD BOOK NUMBER
International Standard Book Number 8171696171
082 ## - DEWEY DECIMAL CLASSIFICATION NUMBER
Classification number D D451
100 ## - MAIN ENTRY--PERSONAL NAME
Personal name Desai, Jatin
245 ## - TITLE STATEMENT
Title Kargil and Pakistan politics
Statement of responsibility, etc. by Jatin Desai
260 ## - PUBLICATION, DISTRIBUTION, ETC.
Place of publication, distribution, etc. New Delhi
Name of publisher, distributor, etc. Commonwealth
Date of publication, distribution, etc. 2000
300 ## - PHYSICAL DESCRIPTION
Extent 408p.
650 ## - SUBJECT ADDED ENTRY--TOPICAL TERM
Topical term or geographic name entry element India - Foreign relations - Pakistan
650 ## - SUBJECT ADDED ENTRY--TOPICAL TERM
Topical term or geographic name entry element Kargil conflict, 1999
Holdings
Withdrawn status Lost status Damaged status Not for loan Permanent Location Current Location Date acquired Full call number Barcode Date last seen Price effective from Koha item type
        Indian Institute of Public Administration Indian Institute of Public Administration 2001-01-02 D D451 76186 2018-07-21 2018-07-21 Book

Powered by Koha